Accounting Principles (Record no. 4729)

MARC details
005 - DATE AND TIME OF LATEST TRANSACTION
control field 20250624065423.0
020 ## - INTERNATIONAL STANDARD BOOK NUMBER
International Standard Book Number 0-07-059120-2
082 ## - DEWEY DECIMAL CLASSIFICATION NUMBER
Classification number 657SMI
100 ## - MAIN ENTRY--PERSONAL NAME
Author name SMITH. J. L
245 ## - TITLE STATEMENT
Title Accounting Principles
250 ## - EDITION STATEMENT
Edition statement 2nd Ed.
260 ## - PUBLICATION, DISTRIBUTION, ETC.
Place of publication, distribution, etc. New York,
Name of publisher, distributor, etc. KHAN. M. Y,
Date of publication, distribution, etc. 1986.
300 ## - PHYSICAL DESCRIPTION
Extent xix, 1091p,; ill, figure table & picture
Other physical details Index
Dimensions 26cm
700 ## - ADDED ENTRY--PERSONAL NAME
Other authors/Editors KEITH. R. M & STEPHENS. W. L.
942 ## - ADDED ENTRY ELEMENTS (KOHA)
Source of classification or shelving scheme Dewey Decimal Classification
Koha item type Books
Holdings
Date last seen Total checkouts Full call number Barcode Cost, replacement price Price effective from Koha item type Lost status Source of classification or shelving scheme Damaged status Not for loan Withdrawn status Home library Current library Shelving location Date acquired Source of acquisition Cost, normal purchase price
06/27/2025   657 SMI DOM000360 225000.00 06/27/2025 Books   Dewey Decimal Classification       CBE Dodoma CBE Dodoma General Collection 01/07/2000 Library budget 75000.00